• 首页
  • 本馆介绍
  • 公告通知
  • 最新文献
  • 馆藏检索
  • 电子资源
  • 读者导购
  • 参考咨询
  • 我的图书馆
  • 登录
  • 详细信息显示
  • 放入我的书架
  • 预约/预借图书
  • 作者相关作品
  • 分类相关作品
  • 丛书相关作品
  • 出版社相关作品

书目信息

  • 表格格式
  • 工作单格式
  • 卡片格式
题名:
漫步神州
    
 
作者: 贺海 , 李祯祥 编
分册:  
出版信息: 北京   人民日报出版社  1982
页数: 253页
开本: 19cm
丛书名:
单 册:
中图分类: K928.70
科图分类:
主题词: 名胜古迹--中国--地方
电子资源:
ISBN:
000 00645nam0 2200241 45
001 0182002433
005 20060724082219.65
010    @dCNY0.60
091    @a10132.015
100    @a19950523d1982 em y0chiy0121 ea
101 0  @achi
102    @aCN@b110000
105    @ay z 000cy
200 10 @a漫步神州@Aman bu shen zhou@f李祯祥, 贺海编@FLi Zhen Xiang,He Hai Bian
210    @a北京@c人民日报出版社@d1982
215    @a253页@d19cm
606 0  @a名胜古迹@x中国@y地方
690    @aK928.70@v3
701  0 @a贺海@4编
701  0 @a李祯祥@4编
801  2 @aCN@bNLC@c20060724
801  0 @aCN@b上海图书馆@c20040513
905    @dK928.70@e40@f1@b86584
    
    漫步神州/李祯祥, 贺海编.-北京:人民日报出版社,1982
    253页;19cm
    
    
    ISBN :CNY0.60
    
●
相关链接 在E读中查询图书 在五车中查询图书 在当当中查询图书 在豆瓣中查询图书


正题名:漫步神州     索取号:K928.70/40         预约/预借

序号 登录号 条形码 馆藏地/架位号 状态 备注
1 0086338   001548917   密集书库/ [索取号:K928.70/40] 在馆    
2 0086339   001548953   密集书库/ [索取号:K928.70/40] 在馆    
3 0086340   001548891   密集书库/ [索取号:K928.70/40] 在馆    
4 0086341   001548908   第二样本阅览室/ [索取号:K928.70/40] 在馆    
5 0086583   001938158   密集书库/ [索取号:K928.70/40] 在馆    
6 0086584   001548935   密集书库/ [索取号:K928.70/40] 在馆    
7 0148010   001548944   密集书库/ [索取号:K928.70/40] 在馆    
8 0148011   001548926   密集书库/ [索取号:K928.70/40] 在馆    
9 0148012   001553063   密集书库/ [索取号:K928.70/40] 在馆    
10 0156851   001548882   密集书库/ [索取号:K928.70/40] 在馆    
11 0156852   001548962   密集书库/ [索取号:K928.70/40] 在馆    
12 0156853   001553081   密集书库/ [索取号:K928.70/40] 在馆    
13 0435722   204357221   密集书库/ [索取号:K928.70/40] 在馆    
14 0435723   204357230   密集书库/ [索取号:K928.70/40] 在馆    
15 0435727   204357276   密集书库/ [索取号:K928.70/40] 在馆    
唐山师范学院图书馆 欢迎您!
大连网信软件有限公司© 版权所有